Responses for Show #6438 - Wednesday, September 19, 2012

9 clues unrevealed in Double Jeopardy!

Contestants

[<< previous game]

Dan Elg, a graduate student of nuclear and plasma engineering originally from Wheaton, Illinois

Veronica Mance, a policy and research analyst from Chevy Chase, Maryland

Penny Citrola, an English language tutor originally from East Meadow, New York (whose 1-day cash winnings total $17,800)

[next game >>]

Jeopardy! Round responses

GIVE THE "DEVIL"
HIS 'DO
TALK SHOW-POURRI
THEIR DEBUT NOVELS
NOT EXACTLY HUMAN
SINGAPORE
(Kelly: The mighty republic and city-state of [*]--Asia's tiny dragon of culture and industry.)
    $200 4
the Blue Devils

Penny
    $200 17
Don King

Penny
    $200 1
The View

Penny
    $200 23
Jane Austen

Penny
    $200 11
vampires

Penny
    $200 28
the tiger

Dan
    $400 5
Devils Tower

Dan
    $400 16
his ponytail

Triple Stumper
    $400 2
(Penny: Who is Margaret Cho?)
(Veronica: Who is Joan Rivers?)
(Dan: Who is Ellen DeGeneres?)
[Veronica's response was initially ruled incorrect but was deemed acceptable and overturned after the first commercial break; Dan's penalty for an incorrect response was then removed.]

Chelsea Handler

PennyVeronica
    $400 24
Ian Fleming

Penny
    $400 9
android

Dan
    $400 10
qi

Penny
    $600 6
devil-may-care

Dan
    $600 18
Rudolph Valentino

Penny
    $600 3
(Alex: And now would be the time for [*].)

Ellen DeGeneres

Triple Stumper
    $600 25
John Grisham

Penny
    $600 12
a goat

Dan
    $1,500 15
(Dan: What is a hyacinth?)

the orchid

Dan
    $800 7
a dust devil

Penny
    $800 19
a buzz cut

Penny
    $800 21
Kelly Ripa

Penny
    $800 26
(Alex: You are right, with less than a minute to go.)

S.E. Hinton

Veronica
    $800 13
a zombie

Dan
    $800 29
Sir Thomas Raffles

Triple Stumper
    $1000 8
"The Devil and Daniel Webster"

Dan
    $1000 20
(Dan: What are dreadlocks?)

ringlets

Dan
Triple Stumper
    $1000 22
Charlie Rose

Veronica
    $1000 27
Dan Brown

Triple Stumper
    $1000 14
Jacob Black

Triple Stumper
    $1000 30
(Veronica: What is the Strait of Malay?)

the Strait of Malacca

Veronica
Triple Stumper

Scores at the first commercial break (after clue 13):

Penny Veronica Dan
$1,400 $400 $3,800

Scores at the end of the Jeopardy! Round:

Penny Veronica Dan
$5,000 $1,200 $1,500

Double Jeopardy! Round responses

TRUE DAILY DOUBLES
"&" MAGAZINES
PHYSICISTS
PLATONIC FIENDS
INDIANA JONES
(Alex: The Complete Adventures of Indiana Jones now out on Blu-ray, by the way.)
AN ANTONYM OF...
    $400 4
Jefferson & John Adams

Dan
    $400 1
(Veronica: What is Forbes?)

U.S. News & World Report

Veronica
Triple Stumper
    $400 14
absolute zero

Penny
    $400 9
the Ten Commandments

Veronica
    $800 5
John Philip Sousa

Dan
    $800 2
Road & Track

Triple Stumper
    $800 15
radioactivity

Dan
    $800 10
(Dan: What's a blimp?)

a Zeppelin

PennyDan
    $1200 6
Iran-Contra

Dan
    $1200 3
Better Homes and Gardens

Penny
    $3,500 16
(Dan: What is... a feather?)
...
(Alex: ...we have a minute to go.)

the Earth

Dan
    $1200 11
Peru

Triple Stumper
    $1200 21
[The end-of-round signal sounds.]

orthodox

Veronica
    $1600 7
the AFL-CIO

Dan
    $1600 17
resistance

Dan
    $1600 12
Kate Capshaw

Penny
    $1600 20
frank

Triple Stumper
    $2000 8
the My Lai incident

Veronica
    $2000 18
background radiation

Triple Stumper
    $2000 13
Kali

Penny
    $2000 19
abrasive

Triple Stumper

Scores at the end of the Double Jeopardy! Round:

Penny Veronica Dan
$11,000 $4,400 $3,600
(lock game)

[wagering suggestions for these scores]

Final Jeopardy! Round responses

PRESIDENTIAL CHILDREN
(Alex: [To Dan] Yes. Campobello.)
DanWho is FDR?
$3,597
VeronicaWho is Eisenhower?
$4,300
PennyWho is Teddy Roosevelt?
$2,000
FDR

Final scores:

Penny Veronica Dan
$9,000 $100 $7,197
2-day champion: $26,800 3rd place: $1,000 2nd place: $2,000

Game dynamics:

Coryat scores:

Penny Veronica Dan
$11,000 $4,400 $8,600
17 R,
1 W
6 R,
2 W
13 R,
4 W
(including 2 DDs)

Combined Coryat: $24,000

[game clues] [game scores] [suggest correction]

Game tape date: 2012-07-24
The J! Archive is created by fans, for fans. Scraping, republication, monetization, and malicious use prohibited; this site may use cookies and collect identifying information. See terms. The Jeopardy! game show and all elements thereof, including but not limited to copyright and trademark thereto, are the property of Jeopardy Productions, Inc. and are protected under law. This website is not affiliated with, sponsored by, or operated by Jeopardy Productions, Inc. Join the discussion at JBoard.tv.